Vista normal
Vista MARC
Entrada Personal Name
Número de registros utilizados en: 1
001 - CONTROL NUMBER
- control field: 12191
003 - CONTROL NUMBER IDENTIFIER
- control field: DLC
005 - DATE AND TIME OF LATEST TRANSACTION
- control field: 20220301160857.0
008 - FIXED-LENGTH DATA ELEMENTS
- fixed length control field: 050609n| acannaabn |n aaa c
010 ## - LIBRARY OF CONGRESS CONTROL NUMBER
- LC control number: nr2005013760
040 ## - CATALOGING SOURCE
- Original cataloging agency: IOrQBI
- Language of cataloging: spa
- Transcribing agency: Mx-PuUPA
- Modifying agency: Mx-PuUPA
- Description conventions: rda
100 1# - HEADING--PERSONAL NAME
- Personal name: Egami, Yash,
374 ## - OCCUPATION
- Occupation: Editor
375 ## - GENDER
- Gender: hombre
377 ## - ASSOCIATED LANGUAGE
- Language code: eng
670 ## - SOURCE DATA FOUND
- Source citation: The one show. Volume 26, c2004:
- Information found: t.p. verso (editor, Yash Egami)